Český film v exilu : kapitoly z dějin po roce 1968 /

Hlavní autor: Voráč, Jiří, 1965-
Jazyk: Čeština
Vydáno: Brno : Host, 2004
Vydání: Vyd. 1
Témata:
Externí odkaz: Digitalizovaný dokument
Fyzický popis: 191 s. : il., portréty ; 23 cm
Knihy
Uloženo v:
LEADER 01802nam a2200457 a 4500
001 000767455
003 CZ BrMZK
005 20191022065205.0
007 ta
008 050321s2004 xr ac er 001 0dczeoc
015 |a cnb001493803 
020 |a 80-7294-139-9  |q (váz.)  |z 80-7294-136-4 :  |c Kč 229,00 
035 |a (OCoLC)58041756 
040 |a OLA001  |b cze  |d BOA001 
043 |a e-xr--- 
045 |a x6x8 
072 7 |a 791  |x Film. Cirkus. Lidová zábava  |2 Konspekt  |9 3 
080 |a 791  |2 MRF 
080 |a 791:314.15-026.49  |2 MRF 
080 |a 791.633-051  |2 MRF 
080 |a (437.3)  |2 MRF 
080 |a (048.8)  |2 MRF 
100 1 |a Voráč, Jiří,  |d 1965-  |7 jo2002106721  |4 aut 
245 1 0 |a Český film v exilu :  |b kapitoly z dějin po roce 1968 /  |c Jiří Voráč 
250 |a Vyd. 1 
260 |a Brno :  |b Host,  |c 2004 
300 |a 191 s. :  |b il., portréty ;  |c 23 cm 
500 |a Dostupné též v digitální podobě v aplikaci Kramerius 
504 |a Obsahuje bibliografii a rejstřík 
648 7 |a 1968-1989  |7 ch460679 
650 0 7 |a film  |7 ph114534  |z Česko  |y 1968-1989  |2 czenas 
650 0 7 |a exilový film  |7 ph281876  |z Česko  |y 1968-1989  |2 czenas 
650 0 7 |a filmoví režiséři  |7 ph120210  |z Česko  |2 czenas 
655 7 |a monografie  |7 fd132842  |2 czenas 
856 4 1 |u http://www.digitalniknihovna.cz/mzk/uuid/uuid:93a14c20-a213-11e8-a2d0-005056827e52  |y Digitalizovaný dokument  |x NDK 
910 |a BOA001  |b 2-1148.859 
990 |a BK 
991 |b 200503  |c NOV 
996 6 |b 2610246577  |c 2-1148.859  |l MZK  |r Sklad / do 1 hodiny  |n 6  |p p.v.  |w 000767455  |u 000010  |a 1  |e BOA001  |j MZK50  |s P 
996 7 |b 2610246578  |c 2-1148.859  |l MZK  |r Sklad / do 1 hodiny  |n 50  |p p.v.  |w 000767455  |u 000020  |a 1  |e BOA001  |j MZK50  |s A 
996 7 |b 2610247414  |c 2-1148.859  |l MZK  |r Sklad / do 1 hodiny  |n 40  |p kup  |w 000767455  |u 000030  |a 1  |e BOA001  |j MZK50  |s A